000 00508nam a2200181Ia 4500
005 20250923144511.0
008 008 250917s9999 xx 000 0 eng d
037 _aTextual
040 _aDSWL
_beng
_cDSWL
041 _aeng
_2eng
084 _qDSWL
100 _aKurtz, Russell.H.
_9825506
245 0 _aSocial work year book 1954
_cby Russell.H. Kurtz
260 _aAmerica
_bAmerican Association of Social Work
_c1954
300 _a703p.
942 _cTEXL
999 _c1439693
_d1439693